000
00297nam a2200109Ia 4500
008
171211s9999 xx 000 0 und d
245
_a
Data Analysis in Vegetation Ecology
245
_c
Otto Wildi
260
_c
2010
650
_x
Biology
856
_u
http://down.ebook777.com/062/9780470661024.pdf
999
_c
350394
_d
350394